Premier tour des éléctions présidentielles - 1958 - Statistiques

Statistiques générales
  • Ce quiz a été pris 20 fois
  • Le résultat moyen est 2 sur 3
Statistiques - réponses
Pourcentage Candidat % Correct
78,51 % Charles de Gaulle
100%
13,03 % Georges Marrane
38%
8,46 % Albert Châtelet
25%
Aucun quiz correspondant
Distribution des résultats
% des personnes avec chaque résultat
Percentile par nombre de réponses
Votre historique - résultats
Vous n’avez pas pris ce quiz